| 000 | 00622nam a2200181Ia 4500 | ||
|---|---|---|---|
| 008 | 210428s9999 xx 000 0 und d | ||
| 020 | _a1-56347-223-6 | ||
| 082 | _a660.04 A498 L | ||
| 100 | _aVigor yang | ||
| 245 | 0 |
_aLiquid Rocket Thrust Chambers Aspects of Modeling, Analysis, and Design / _cVigor yang |
|
| 260 |
_bAmerican Institute of Aeronautics and Astronautics _aWashington, DC _c2004 |
||
| 300 | _a723p | ||
| 440 |
_aProgress in astronautics and aeronautics V-200 _9127176 |
||
| 700 |
_aMohammed Habiballah _9127177 |
||
| 700 |
_aJames Hulka _9127178 |
||
| 700 |
_aMichael Popp _9127179 |
||
| 942 |
_cBK _2ddc |
||
| 999 |
_c559986 _d559986 |
||